00407 2200169 4500001002100000005001500021008004100036020002200077035001900099041000700118082001000125090001600135100001900151245002900170250001000199260002800209INLIS00000000002501920241224131836241224||||||||| | ||| |||| || |  a978-979-045-818-5 0010-1224025019 aid0 a741.5 a741.5 NEL t0 aNelfi Syafrina00aTeka - teki Cerita Islam aCet.1 aSolobTiga Anandac2016